000 00723cab a2200229 4500
001 ABS54768
008 090401t1996 xxu||||| |||| 00| 0 eng d
035 _a(Sirsi) u12197
041 _aeng
100 _aMinogue, A.
245 _aJoint and several liability
260 _c1996
350 _a0
490 _aBuilding
_v261(7933) 22 March 1996, 30(1)
520 _aConsiders the Law Commission`s "Feasibility investigation of joint and several liability" which raises four principal objections to a system of proportionate liability. Puts it in a construction context.
650 _aCONSTRUCTION INDUSTRY
650 _aLIABILITY
650 _aPROFESSIONS
690 _aLAW
942 _n0
948 _c04/03/1997
999 _c7805
_d7805